000 00517nam a22001937a 4500
003 KOHA_MİRAKIL
005 20251117163842.0
008 251117b tu ||||| |||| 00| 0 tur d
020 _a9786054543984
040 _aTR-AnABB
_btur
_cTR-AnABB
041 _atur
082 _a813.42
_bBIC 2016
100 1 _aBiçer, İsmail,
245 1 0 _aDüş cambazı /
_cİsmail Biçer
260 _aİstanbul :
_bTulpar,
_c2016
300 _a432 sayfa ;
_c21 cm
650 0 4 _aTürk edebiyatı, roman
942 _2ddc
_cBK
999 _c9494
_d9494
900 _bGizem YORULMAZ